000 00546nam a2200229Ia 4500
003 OSt
005 20220924141728.0
006 a|||||r|||| 00| 0
007 ta
008 220923b |||||||| |||| 00| 0 ben d
024 _a299115
037 _cTextual
040 _aARTS
_cARTS
_bben
041 _2ben
_aben
082 _aP157:9, H8
100 _aBhattacharya
245 0 _aChhandovighyan
260 _c1948
650 _aBENGALI LITERATURE
942 _hP157:9, H8
_cTEXL
_2CC
999 _c448057
_d448057